| 000 | 00630nam a2200205Ia 4500 | ||
|---|---|---|---|
| 005 | 20250508151301.0 | ||
| 008 | 008 250505s9999 xx 000 0 eng d | ||
| 037 | _aTextual | ||
| 040 |
_aFEDL _beng _cFEDL |
||
| 041 |
_aeng _2eng |
||
| 084 |
_a150.7253, CHA _qFEDL |
||
| 100 | _aChapanis Alphonse | ||
| 245 | 0 | _aApplied experimental psychology: Human factors in engineering design | |
| 260 |
_aNew York, USA _bJohn Wiley and Sons _c1949 |
||
| 300 | _axi,434p. | ||
| 650 | _aPsychology | ||
| 700 |
_a Garner Garner Morgan Clifford T _9758777 |
||
| 942 |
_cTEXL _h150.7253, CHA |
||
| 999 |
_c1328828 _d1328828 |
||